African Countries with Letter B - Statistics

General Stats
  • This quiz has been taken 197 times
  • The average score is 12 of 17
Answer Stats
Country % Correct
Botswana
92%
Benin
85%
Burundi
85%
Burkina Faso
78%
Zimbabwe
76%
Namibia
75%
Libya
74%
Zambia
74%
D. R. Congo
70%
Rep. of the Congo
68%
Gabon
65%
Gambia
65%
Liberia
65%
Mozambique
64%
Guinea-Bissau
63%
Djibouti
60%
Central African Republic
56%
No matching quizzes found
Score Distribution
Percent of People with Each Score
Percentile by Number Answered
Your Score History
You have not taken this quiz